000 004560000a22001810004500
003 MACL
005 20150821124910.0
008 150821b xxu||||| |||| 00| 0 eng d
040 _aMACL
_cMACL
041 _aEnglish
082 _a615.815/BAN
100 _aBanerjee, Kalyan
_96465
245 _aOccupational Industrial Dermatoses
260 _bRaghubir Banarjee
_c2000
_aCalcutt
350 _a300
650 _aTechnology
_96466
942 _cBK
_k615.815
_2ddc
999 _c1859
_d1859